000 00358nam a2200145 i 4500
001 bg
100 1 _aPRZYŁUSKI, Jan
245 0 _aMateriały termoelektryczne /
_cJ. Przyłuski, K. Borkowski.
260 _aWarszawa,
_c1983.
700 1 _aBORKOWSKI, Kazimierz
040 _cBPK
041 _apol
942 _cKS
008 s pl f |000 0 pol
999 _c2040
_d2040
856 _uhttp://koha.tu.koszalin.pl/cgi-bin/koha/opac-detail.pl?biblionumber=2040
_yKatalog online BPK